| Поле | Инд. | ПП | Название | Значение |
|---|---|---|---|---|
| Тип записи | a | |||
| Библиографический уровень | b | |||
| 001 | Контрольный номер | RU/IS/BASE/142009980 | ||
| 005 | Дата корректировки | 20200630193219.3 | ||
| 084 | a | Индекс другой классификации/Индекс ББК | 66.3(2Рос),12; 66.3(2Рос),41; 65.050.14(2Рос) | |
| 100 | 1_ | a | Автор | Щеулин А. С. |
| q | Полное имя | Щеулин Александр Сергеевич | ||
| 100 | 1_ | a | Автор | Девяткин С. В. |
| q | Полное имя | Девяткин Сергей Вячеславович | ||
| 245 | a | Заглавие | О новой парадигме управления региональным развитием | |
| 520 | a | Аннотация | В статье изложены принципы, позволяющие достаточно полно определить направления дельнейшего развития практики государственного управления и прикладной науки | |
| 650 | a | Основная рубрика | внутренняя политика | |
| a | Основная рубрика | политика | ||
| a | Основная рубрика | управление экономикой | ||
| a | Основная рубрика | экономика | ||
| 653 | a | Ключевые слова | власть | |
| a | Ключевые слова | временной принцип | ||
| a | Ключевые слова | государственное управление | ||
| a | Ключевые слова | жизнедеятельность человека | ||
| a | Ключевые слова | методология исследования | ||
| a | Ключевые слова | методы регионального управления | ||
| a | Ключевые слова | принятие управленческих решений | ||
| a | Ключевые слова | приоритеты развития | ||
| a | Ключевые слова | приоритеты управления | ||
| a | Ключевые слова | разделение властей | ||
| a | Ключевые слова | региональная власть | ||
| a | Ключевые слова | региональная система | ||
| a | Ключевые слова | региональная экономическая система | ||
| a | Ключевые слова | региональное развитие | ||
| a | Ключевые слова | региональное управление | ||
| a | Ключевые слова | региональное экономическое развитие | ||
| a | Ключевые слова | регионы России | ||
| a | Ключевые слова | Россия | ||
| a | Ключевые слова | территориальное управление | ||
| a | Ключевые слова | управленческие решения | ||
| a | Ключевые слова | устойчивое развитие | ||
| a | Ключевые слова | федеральная власть | ||
| a | Ключевые слова | цели управления | ||
| a | Ключевые слова | экономические факторы политики | ||
| 773 | t | Заглавие источника | Устойчивое развитие. Наука и практика | |
| d | Дата издания источника | 2002 | ||
| g | Прочая информация | № 1. - С. 169 - 178 : схем., рис. | ||
| w | Контрольный № источника | RU/IS/BASE/109089911 | ||
| 901 | t | Тип документа | b |